00569nam a2200193Ia 450000500170000000800410001704000190005804100120007708200130008924500780010226000410018030000160022144000280023750400190026565000180028465100350030270000280033785000100036520230628112707.0131103s9999 xx 000 0 und d aLoreto College aEnglish a804bALL 2aA Celebration of poetscEdited and with introduction by Don Cameron Allen aBaltimorebJohn Hopkins Presscc1967 avii,241 p.  aJohn Hopkins paperbacks aIncludes index aLiterature -  aPoets-Collections-Criticism -  aAllen, Don Cameron, ed. aLCLIB